Status and role of women in a minority community : The case of muslims in India (Record no. 20777)

MARC details
000 -LEADER
fixed length control field 00318nam a2200121Ia 4500
082 ## - DEWEY DECIMAL CLASSIFICATION NUMBER
Classification number RL.0005
100 ## - MAIN ENTRY--AUTHOR NAME
Personal name Lateef Shahida
245 #0 - TITLE STATEMENT
Title Status and role of women in a minority community : The case of muslims in India
260 ## - PUBLICATION, DISTRIBUTION, ETC. (IMPRINT)
Year of publication 0
300 ## - PHYSICAL DESCRIPTION
Number of Pages 377p.
942 ## - ADDED ENTRY ELEMENTS (KOHA)
Koha item type Books
Holdings
Withdrawn status Lost status Damaged status Not for loan Home library Current library Date acquired Bill Date Full call number Accession Number Price effective from Koha item type
        NASSDOC Library NASSDOC Library 08/10/2004 2004-10-22 RL.0005 16368 18/04/2019 Books